| 000 | 00926nam a22003137a 4500 | ||
|---|---|---|---|
| 999 |
_c200429395 _d47319 |
||
| 001 | 200429395 | ||
| 003 | TR-AnTOB | ||
| 005 | 20230606113053.0 | ||
| 007 | ta | ||
| 008 | 180409s1999 tu a g 000 0 tur d | ||
| 020 | _a9751722268 | ||
| 040 |
_aTR-AnTOB _beng _erda _cTR-AnTOB |
||
| 041 | 0 | _atur | |
| 050 | 0 | 0 |
_aUA812 _b.I45 1999 |
| 090 |
_aUA812 _b.I45 1999 |
||
| 245 | 0 | 0 |
_a2000'li yıllara girerken Türk Ordusu / _chazırlayan Mehmet Özel. |
| 246 | 3 | 0 | _aTürk Ordusu |
| 250 |
_a1. Basılış _bTemmuz 1999 |
||
| 264 | 1 |
_a[Ankara] : _bKültür Bakanlığı, _c1999. |
|
| 300 |
_a495 pages : _billustrations ; _c34 cm. |
||
| 336 |
_atext _2rdacontent |
||
| 337 |
_aunmediated _2rdamedia |
||
| 338 |
_avolume _2rdacarrier |
||
| 651 | 0 |
_aTurkey _xHistory, Military _926369 |
|
| 651 | 0 |
_aTürkiye _xTarih, Askeri _926368 |
|
| 700 | 1 |
_aÖzel, Mehmet _eeditor _918732 |
|
| 942 |
_2lcc _cBK |
||